Sedi del Campionato mondiale di Formula 1 2004 - Statistics

Statistiche generali
  • Questo quiz è stato fatto 2 volte
  • Il punteggio medio è 8 su 18
Statistiche sulle risposte
Data Sede % Corretto
25 aprile Imola
100%
24 ottobre San Paolo
100%
11 luglio Silverstone
100%
25 luglio Hockenheim
50%
4 aprile Manama
50%
7 marzo Melbourne
50%
23 maggio Monaco
50%
9 maggio Montmeló
50%
12 settembre Monza
50%
21 marzo Sepang
50%
26 settembre Shanghai
50%
10 ottobre Suzuka
50%
4 luglio Magny-Cours
0%
15 agosto Mogyoród
0%
13 giugno Montréal
0%
30 maggio Nürburg
0%
20 giugno Speedway
0%
29 agosto Stavelot
0%
Nessun quiz corrispondente trovato
Distribuzione punteggi
Percentuale di utenti per punteggio
Percentile per numero di risposta
I tuoi punteggi nel tempo
Non hai fatto questo quiz